Carl Rogers' Helping System : Journey and Substance /

Tallennettuna:
Bibliografiset tiedot
Päätekijä: Barrett-Lennard, Godfrey T. (autor)
Aineistotyyppi: Kirja
Kieli:englanti
Julkaistu: Londres, Inglaterra : Sage, 1998, c1998
Aiheet:
Tagit: Lisää tagi
Ei tageja, Lisää ensimmäinen tagi!

MARC

LEADER 00000nam^a2200000^a^4500
001 000182679
005 20250521000000.0
009 20260310102014.21
020 |a 0-7619-5677-8 
037 |a Acervo ITESO - Biblioteca 
041 |a ING 
082 |a 616. 89146  |b BAR 
100 |a Barrett-Lennard, Godfrey T.  |e (autor) 
245 1 0 |a Carl Rogers' Helping System :  |b Journey and Substance /  |c G.T. Barrett-Lennard. 
264 4 |a Londres, Inglaterra :  |b Sage,  |c 1998, c1998 
300 |a XI, 415 p. 
336 |a texto  |b txt  |2 rdacontenido 
337 |a sin mediación  |b n  |2 rdamedio 
338 |a volumen  |b nc  |2 rdasoporte 
649 |a XX 
650 |a Psicoterapeutas Norteamericanos 
650 |a Psicólogos Norteamericanos 
650 |a Terapia Centrada en la Persona 
650 |a Relación Terapéutica 
650 |a Entrevista Psicológica 
650 |a Personalidad 
650 |a Comunicación Personal 
650 |a Solución de Problemas 
650 |a Relaciones Familiares 
650 |a Familia 
650 |a Humanismo 
650 |a Educación 
650 |a Psicoterapia 
650 |a Psicología Clínica 
650 |a Rogers, Carl R. 
910 |a Fondo General 
920 |a Impresos - Libros 
930 |a Colección General 
905 |a 101 
901 |a 0500122795  |b IT1  |c ACC  |u 20250521 
901 |a 0500122798  |b IT1  |c ACC  |u 20250521 
902 |a https://opac.biblio.iteso.mx/vufind/Record/000182679